Problemy projektowania i realizacji systemów wieloagentowych / (Rekord nr 38346)
| 000 -ETYKIETA REKORDU | |
|---|---|
| podpole kontrolne o stałej długości | 00969nam a2200229 i 4500 |
| 001 - NUMER KONTROLNY REKORDU | |
| pole kontrolne | bg |
| 040 ## - ŹRÓDŁO KATALOGOWANIA | |
| Instytucja, która utworzyła rekord | BPK |
| 041 0# - KOD JĘZYKA | |
| Kod języka tekstu | pl |
| Kod języka streszczenia lub abstraktu | en |
| 080 ## - UNIWERSALNA KLASYFIKACJA DZIESIĘTNA - UKD | |
| UKD | 004 |
| 008 - POLE O STAŁEJ DŁUGOŚCI - DANE KONTROLNE | |
| podpole kontrolne o stałej długości | s pl f |000 0 pol |
| 100 1# - NAZWA OSOBOWA | |
| Nazwa osobowa | CETNAROWICZ, Krzysztof |
| 245 10 - TYTUŁ/ODPOWIEDZIALNOŚĆ | |
| Tytuł | Problemy projektowania i realizacji systemów wieloagentowych / |
| Pozostałe elementy strefy tytułu i oznaczenia odpowiedzialności | Krzysztof Cetnarowicz. |
| 246 11 - WARIANT TYTUŁU | |
| Tytuł | Problems of multiagent systems development |
| 260 ## - STREFA ADRESU WYDAWNICZEGO | |
| Miejsce wydania | Kraków : |
| Nazwa wydawcy/dystrybutora | Uczelniane Wydawnictwa Naukowo-Dydaktyczne AGH, |
| Data publikacji, dystrybucji/powstania dokumentu | 1999. |
| 300 ## - STREFA OPISU FIZYCZNEGO | |
| Objętość | 142, [1] s. : |
| Inne cechy fizyczne | rys., wykr. ; |
| Rozmiary | 24 cm. |
| 490 1# - STREFA SERII I DOKUMENTU WIELOCZĘŚCIOWEGO - FORMA NIE DO WYSZUKIWANIA | |
| Tytuł i oznaczenie odpowiedzialności serii | Rozprawy, Monografie / [Akademia Górniczo-Hutnicza im. Stanisława Staszica] = |
| -- | Dissertations, Monographies, |
| ISSN | 0867-6631 ; |
| Numeracja w obrębie serii | 80 |
| 500 ## - UWAGI OGÓLNE | |
| Tekst uwagi | Tyt. równol. : Problems of multiagent systems development. - Streszcz. ang. |
| 504 ## - UWAGA DOTYCZĄCA BIBLIOGRAFII | |
| Informacje o bibliografii | Bibliogr. s. 132-[143]. |
| 650 #9 - HASŁO PRZEDMIOTOWE W FORMIE NAZWY OGÓLNEJ LUB JEDNOSTKOWEJ | |
| Nazwa ogólna lub geograficzna | Systemy informatyczne |
| Określnik ogólny | zagadnienia |
| 830 #0 - HASŁO DODATKOWE SERII LUB DOKUMENTU WIELOCZĘŚCIOWEGO - TYTUŁ UJEDNOLICONY | |
| Tytuł ujednolicony | Rozprawy, Monografie ([Akademia Górniczo-Hutnicza im. Stanisława Staszica]) ; |
| Oznaczenie tomu | 80 |
| 856 ## - LOKALIZACJA I DOSTĘP DO ELEKTRONICZNYCH DOKUMENTÓW ZDALNYCH | |
| Link (URL) | http://koha.tu.koszalin.pl/cgi-bin/koha/opac-detail.pl?biblionumber=38346 |
| Tekst linku | Katalog online BPK |
| 942 ## - DODATKOWE ELEMENTY (KOHA) | |
| Typ dokumentu | Książka |
| Wycofany | Status egzemplarza | Uszkodzony | Dostępność | Lokalizacja stała | Lokalizacja bieżąca | Miejsce przechowywania | Sygnatura | Kod kreskowy | Typ dokumentu |
|---|---|---|---|---|---|---|---|---|---|
| Dostępny | Biblioteka Politechniki Koszalińskiej | Biblioteka Politechniki Koszalińskiej | Wypożyczalnia BG | 55834 | 01511895 | Książka |
